| 000 | 00768nam a2200229 a 4500 | ||
|---|---|---|---|
| 001 | BRCA_7580 | ||
| 005 | 20190320205910.0 | ||
| 008 | 200613s1936----mx-e###f##---#001-0#spa-# | ||
| 041 | _aspa | ||
| 044 | _amx | ||
| 050 | 4 |
_aF1391.U7 _b.F47 1936 |
|
| 100 | 1 |
_aFernández, Justino _9906 |
|
| 245 | 1 | 0 |
_aUruapan _bsu situación, historia y características con un plano pictórico de la ciudad _cpor Justino Fernández. |
| 260 |
_aMéxico _bTalleres de Impresión de Estampillas y Valores _c1936 |
||
| 300 |
_a43 p. _bil. a color, planos _eun plano pictórico de la ciudad |
||
| 500 | _aS77 | ||
| 504 | _aBibliografía p. 43 | ||
| 651 | 4 |
_aUruapan, Michoacán _xHistoria _918700 |
|
| 651 | 4 |
_aUruapan, Michoacán _xDescripción _918701 |
|
| 902 | _aGFM | ||
| 942 |
_2lcc _cB |
||
| 999 |
_c7254 _d7254 |
||